| 000 | 01585nam0a2200385 4500 | ||
|---|---|---|---|
| 001 | RU\NLR\BIBL_A\022288180 | ||
| 005 | 20260420013031.0 | ||
| 010 |
_a978-5-00112-417-6 _9500 |
||
| 021 |
_aRU _bКН-П-24-035456 _9КН-П-24-3569 |
||
| 035 | _a(NLR Aleph) 022288180 | ||
| 090 |
_a13662024 _c13662024 |
||
| 100 | _a20240802d2023 k y0rusy50 ca | ||
| 101 | 0 | _arus | |
| 102 | _aRU | ||
| 105 | _aa|||z|||000yy | ||
| 181 | 0 |
_ai _baxxe |
|
| 182 | 0 | _an | |
| 200 | 1 |
_aИндивидуальные ценности и этническая культура _fП. Ш. Магомедов, Г. М. Чанакаев |
|
| 203 |
_aТекст _bвизуальный _cнепосредственный |
||
| 210 |
_aМахачкала _cАлеф _d2023 |
||
| 215 |
_a203 с. _cил. _d21 |
||
| 320 | _aБиблиогр.: с. 191—203 | ||
| 606 | 1 |
_aМолодежь _xЭтнокультурные процессы _yРоссийская Федерация _92185253 _3RU\NLR\AUTH\6601550155 |
|
| 606 | 1 |
_aМолодежь _xОриентации ценностные _91630210 _3RU\NLR\AUTH\66720022 |
|
| 606 | 1 |
_aТрадиционная культура _yРоссийская Федерация _92544322 _3RU\NLR\AUTH\661506025 |
|
| 686 | 1 | _aС550.67 | |
| 686 | 1 | _aС550.325.1 | |
| 686 | 1 | _aТ52(2) | |
| 686 | 1 | _aТ3(2)0-7 | |
| 700 | 1 |
_aМагомедов _bП. Ш. _gПахрудин Шабанович |
|
| 701 | 1 |
_aЧанакаев _bГ. М. _gГерай Магомедзагидович |
|
| 942 | _cBOOK | ||
| 980 | _aNB | ||